Analýza podpůrných opatŕení pro integrovaného žáka s narušenou komunikační schopností v České republice

Bibliographic Details
Main Author: Sychrová, Pavla (Author)
Format: Article
Language:Slovak
Czech
PhysicalDescription:Fotografie, tabuľky
ISSN:13386670
Subjects:
Online Access:http://www.studiezospecialnejpedagogiky.sk/studie-zo-specialnej-pedagogiky/archiv/

MARC

LEADER 00000nab a2200000 4500
001 vtls012077032
003 SK-MaSNL
005 20260304040504.0
008 211111|2012 xo |||| ||an ||00 0|slo
015 |a SNBRB2021/11 
040 |a SPKCL  |b slo  |e rda 
041 |a cze  |b cze  |b eng 
043 |a e-xr- - - 
044 |a xo  |c SK 
072 7 |a 316.7  |x Sociológia kultúry. kultúrny život  |2 konspekt 
080 |a 37.043.2:373.3  |2 2011 
080 |a 316.77  |2 2011 
100 1 |a Sychrová, Pavla  |4 aut  |9 1321442 
245 1 0 |a Analýza podpůrných opatŕení pro integrovaného žáka s narušenou komunikační schopností v České republice  |c Pavla Sychrová 
246 1 0 |a Analysis of support measures for integrated pupils with impaired communication abilities in the Czech Republic 
300 |b Fotografie, tabuľky 
336 |a text  |b txt  |2 rdacontent 
337 |a bez média  |b n  |2 rdamedia 
338 |a zväzok  |b nc  |2 rdacarrier 
504 |a Obsahuje bibliografiu 
546 |a Anglické a české resumé 
650 0 7 |a integrovaná výchova a vzdelávanie  |2 SNKPH  |9 67219 
650 0 7 |a komunikácia  |2 SNKPH  |9 1362 
650 0 7 |a poradenstvo  |2 SNKPH  |9 3604 
651 7 |a Česko  |2 SNKPHgeo  |9 16753 
773 0 |t Špeciálny pedagóg (online)  |g Roč. 1, č. 2 (2012), s. 22-30  |x 13386670 
856 4 1 |u http://www.studiezospecialnejpedagogiky.sk/studie-zo-specialnej-pedagogiky/archiv/ 
958 |a NB 
999 |c 2663601  |d 2665531